ARRUPE JESUIT UNIVERSITY

CORONAVIRUS -STOP THE SPREAD - CLEAN,DISINFECT,COVER

Word made flesh (Record no. 130436)

MARC details
000 -LEADER
fixed length control field 00522nam a22001697a 4500
008 - FIXED-LENGTH DATA ELEMENTS--GENERAL INFORMATION
fixed length control field 200319b ||||| |||| 00| 0 eng d
020 ## - INTERNATIONAL STANDARD BOOK NUMBER
International Standard Book Number 9780232520408
050 ## - LIBRARY OF CONGRESS CALL NUMBER
Classification number BV4813.M313
100 ## - MAIN ENTRY--PERSONAL NAME
Personal name Main, John
9 (RLIN) 49736
245 ## - TITLE STATEMENT
Title Word made flesh
Statement of responsibility, etc John Main
260 ## - PUBLICATION, DISTRIBUTION, ETC. (IMPRINT)
Place of publication, distribution, etc London
Name of publisher, distributor, etc darton, Longman and Todd
Date of publication, distribution, etc 1993
300 ## - PHYSICAL DESCRIPTION
Extent xi, 66p. ;
Dimensions 20cm.
650 ## - SUBJECT ADDED ENTRY--TOPICAL TERM
Topical term or geographic name as entry element Catholic Church
General subdivision Doctrines
9 (RLIN) 4786
650 ## - SUBJECT ADDED ENTRY--TOPICAL TERM
Topical term or geographic name as entry element Meditations
General subdivision Catholic Church
9 (RLIN) 49737
650 ## - SUBJECT ADDED ENTRY--TOPICAL TERM
Topical term or geographic name as entry element Spiritual life
General subdivision Catholic Church
9 (RLIN) 49738
942 ## - ADDED ENTRY ELEMENTS (KOHA)
Source of classification or shelving scheme Library of Congress Classification
Item type Monograph ( Printed materials)
Holdings
Withdrawn status Lost status Source of classification or shelving scheme Damaged status Not for loan Collection code Home library Current library Shelving location Date acquired Total Checkouts Full call number Barcode Date last seen Price effective from Koha item type
    Library of Congress Classification     Main Collection ARRUPE LIBRARY ARRUPE LIBRARY Main Collection 19/03/2020   BV4813.M313 46600006871 19/03/2020 19/03/2020 Monograph ( Printed materials)

 

Arrupe Library. PO Box MP320 Mt Pleasant, Harare, Zimbabwe
263 242 745411|librarian@aju.ac.zw